000 00548nam a22002177a 4500
003 BUBTL
008 160126b xxu||||| |||| 00| 0 eng d
020 _a978-81-312-1861-7
082 _a621.36SCR
100 _9257
_aSchowengerdt, Robert A.
245 _aRemote Sensing
250 _a3rd
260 _aAmsterdam
_belsevier
_c2007
300 _a[xli]515p
_bill,tables
_c23cm
440 _9258
_aEEE
600 0 _9260
_aSchowengerdt, Robert A.
760 _b3rd
856 _k0
_l0
_yDownload
942 _2ddc
_cBK
999 _c5118
_d5118